[Event "ODJM A 2014"]
[Site "Magdeburg GER"]
[Date "2014.06.11"]
[Round "6"]
[White "Karsay, Pascal"]
[Black "Greßmann, Hanna"]
[Result "1/2-1/2"]
[Termination "normal"]
[Board "26"]
[WhiteElo "1779"]
[BlackElo "1551"]
[PlyCount "79"]
[WhiteFideId "12953474"]
[BlackFideId "12930709"]
[EventCountry "GER"]
[EventRounds "9"]
[EventType "swiss"]
[EventDate "2014.06.07"]

1. d4 d5 2. c4 e6 3. Nc3 Be7 4. Nf3 Nf6 5. Bg5 O-O 6. e3 Nbd7 7. cxd5 exd5 8.
Bd3 c6 9. Qc2 h6 10. Bh4 Re8 11. O-O Bd6 12. Rac1 a5 13. Rfe1 g5 14. Bg3 Nf8
15. Ne5 Ng4 16. Nf3 Nf6 17. Bf5 Bxg3 18. hxg3 Bxf5 19. Qxf5 N8d7 20. Nd2 Kg7
21. f3 Qb6 22. b3 Re6 23. g4 Rae8 24. Kf2 Qb4 25. Nf1 Qe7 26. Qd3 Ng8 27. Ng3
Kh8 28. Nf5 Qf6 29. Ne2 Qg6 30. Neg3 Qh7 31. Re2 Ne7 32. Rh1 Nxf5 33. Nxf5 Rf6
34. Ree1 Ree6 35. Rh5 Rg6 36. Reh1 Kg8 37. Nxh6+ Rxh6 38. Qxh7+ Kxh7 39. R1h3
Rxh5 40. Rxh5+ 1/2-1/2

[Event "ODJM A 2014"]
[Site "Magdeburg GER"]
[Date "2014.06.11"]
[Round "6"]
[White "Langer, Moritz"]
[Black "Denzer, Johannes"]
[Result "0-1"]
[Termination "normal"]
[Board "27"]
[WhiteElo "1470"]
[BlackElo "1637"]
[PlyCount "112"]
[WhiteFideId "12975281"]
[BlackFideId "1271724"]
[EventCountry "GER"]
[EventRounds "9"]
[EventType "swiss"]
[EventDate "2014.06.07"]

1. d4 d5 2. e3 Nf6 3. Bd3 c5 4. c3 Nc6 5. f4 Bg4 6. Nf3 Rc8 7. O-O e6 8. Nbd2
Be7 9. h3 Bxf3 10. Nxf3 g6 11. Bd2 Nh5 12. Be1 Ng7 13. Bf2 Qc7 14. Qe1 cxd4 15.
cxd4 Qb6 16. Qe2 O-O 17. Bh4 Bxh4 18. Nxh4 Nb4 19. Rf2 Nh5 20. Kh2 Nf6 21. Nf3
Nxd3 22. Qxd3 Ne4 23. Re2 Qd6 24. Kg1 Rc7 25. Rc2 Rfc8 26. Rac1 f6 27. Nd2 Rxc2
28. Rxc2 Rxc2 29. Qxc2 Nxd2 30. Qxd2 Qc6 31. Qc3 Kf7 32. Kf2 Ke7 33. Ke1 Qc4
34. a3 Kd6 35. g4 Qxc3+ 36. bxc3 Kc6 37. Kd2 f5 38. g5 Kb5 39. Kc2 Kc4 40. h4
b5 41. a4 bxa4 42. Kb2 a3+ 43. Kxa3 Kxc3 44. Ka4 Kd3 45. Kb5 Kxe3 46. Kc5 a5
47. Kd6 a4 48. Kxe6 Kxd4 49. Kf7 a3 50. Kg7 a2 51. Kxh7 a1=Q 52. Kxg6 Ke4 53.
h5 Qh8 54. h6 Kxf4 55. Kh5 Qe8+ 56. g6 Qe7 0-1

[Event "ODJM A 2014"]
[Site "Magdeburg GER"]
[Date "2014.06.11"]
[Round "6"]
[White "Vukojevic, Angelo"]
[Black "Hesse, Henrik"]
[Result "1/2-1/2"]
[Termination "normal"]
[Board "28"]
[WhiteElo "1448"]
[BlackElo "1645"]
[PlyCount "51"]
[WhiteFideId "12979546"]
[BlackFideId "12952060"]
[EventCountry "GER"]
[EventRounds "9"]
[EventType "swiss"]
[EventDate "2014.06.07"]

1. e4 e5 2. Nf3 Nf6 3. Nxe5 d6 4. Nf3 Nxe4 5. Nc3 Nxc3 6. dxc3 Be7 7. Bf4 Bg4
8. h3 Bh5 9. Qd5 Bxf3 10. Qxf3 Nc6 11. Bb5 Qd7 12. Bxc6 bxc6 13. O-O g5 14. Bg3
O-O 15. Rfe1 f5 16. Qe2 Bf6 17. f4 h6 18. Qh5 Kg7 19. Re2 Rae8 20. Rae1 Rxe2
21. Qxe2 Rb8 22. b3 c5 23. c4 Kf8 24. Qh5 Kg7 25. Qe2 Qf7 26. Kh1 1/2-1/2

[Event "ODJM A 2014"]
[Site "Magdeburg GER"]
[Date "2014.06.11"]
[Round "6"]
[White "Lengler, Tim"]
[Black "Möller, Hannah"]
[Result "0-1"]
[Termination "normal"]
[Board "29"]
[WhiteElo "1573"]
[BlackElo "1577"]
[PlyCount "78"]
[WhiteFideId "12936197"]
[BlackFideId "1270514"]
[EventCountry "GER"]
[EventRounds "9"]
[EventType "swiss"]
[EventDate "2014.06.07"]

1. e4 c5 2. Nf3 d6 3. d4 cxd4 4. Nxd4 g6 5. Be3 Bg7 6. Nc3 Nf6 7. f3 Nc6 8. Qd2
Nxd4 9. Bxd4 Bd7 10. Nd5 O-O 11. Nxf6+ exf6 12. Bc3 f5 13. Bxg7 Kxg7 14. Qxd6
fxe4 15. Qd4+ Kg8 16. fxe4 Re8 17. Bd3 Bc6 18. Qxd8 Raxd8 19. O-O-O Bxe4 20.
Bxe4 Rxd1+ 21. Rxd1 Rxe4 22. Rd8+ Kg7 23. Kd2 Kf6 24. Rd7 Re7 25. Rxe7 Kxe7 26.
Kd3 Ke6 27. Kd4 Kd6 28. c4 f6 29. b4 b6 30. a4 a5 31. bxa5 bxa5 32. g3 h6 33.
h3 h5 34. h4 g5 35. c5+ Kc6 36. Kc4 gxh4 37. gxh4 f5 38. Kd4 f4 39. Ke4 Kxc5
0-1

[Event "ODJM A 2014"]
[Site "Magdeburg GER"]
[Date "2014.06.11"]
[Round "6"]
[White "Reck, Jessica"]
[Black "Kovac, Laura"]
[Result "1/2-1/2"]
[Termination "normal"]
[Board "30"]
[WhiteElo "1613"]
[BlackElo "1602"]
[PlyCount "40"]
[WhiteFideId "12917931"]
[BlackFideId "12938882"]
[EventCountry "GER"]
[EventRounds "9"]
[EventType "swiss"]
[EventDate "2014.06.07"]

1. d4 d6 2. c4 Nf6 3. Nc3 Nbd7 4. e4 e5 5. d5 Be7 6. Be3 c6 7. Nge2 Qc7 8. Ng3
O-O 9. Rc1 Re8 10. Be2 Nf8 11. f4 exf4 12. Bxf4 Ng6 13. Bd2 Nd7 14. O-O Nde5
15. b3 Qb6+ 16. Kh1 Nf8 17. Qe1 g6 18. Na4 Qd8 19. Nb2 Bh4 20. Nd3 Nfd7 1/2-1/2

[Event "ODJM A 2014"]
[Site "Magdeburg GER"]
[Date "2014.06.11"]
[Round "6"]
[White "Maurer, Noah"]
[Black "Udaykumar, Arunn Mark"]
[Result "1-0"]
[Termination "normal"]
[Board "31"]
[WhiteElo "1823"]
[BlackElo "1767"]
[PlyCount "99"]
[WhiteFideId "12920673"]
[BlackFideId "12965456"]
[EventCountry "GER"]
[EventRounds "9"]
[EventType "swiss"]
[EventDate "2014.06.07"]

1. e4 e5 2. Nf3 Nc6 3. Bb5 a6 4. Ba4 Nf6 5. d3 b5 6. Bb3 Be7 7. h3 d6 8. c3 O-O
9. O-O Na5 10. Bc2 c5 11. Re1 h6 12. Nbd2 Nh7 13. d4 Nc6 14. d5 Na5 15. b4 Nb7
16. a4 Bd7 17. a5 c4 18. Nf1 Ng5 19. Ng3 Nxf3+ 20. Qxf3 Bh4 21. Nf5 Bxf5 22.
exf5 Bf6 23. Re4 Kh7 24. Qh5 Qe7 25. Bxh6 Rh8 26. Bg5+ Kg8 27. Bxf6 Qxf6 28.
Qg4 Qh6 29. f4 f6 30. Qg6 Rf8 31. Qxh6 Rxh6 32. Kh2 Kf7 33. Rf1 Nd8 34. Rf3
Rfh8 35. Rg3 Kf8 36. fxe5 fxe5 37. Reg4 Rg8 38. Rg6 Nf7 39. Rxh6 gxh6 40. h4
Rxg3 41. Kxg3 Kg7 42. Kg4 Kf6 43. Kh5 Kg7 44. g4 Kf6 45. Be4 Kg7 46. g5 hxg5
47. hxg5 Nh8 48. g6 Kf8 49. Kh6 Kg8 50. f6 1-0